000 00579nam a22001817a 4500
999 _c15005
_d15005
003 OSt
082 _2631.587 APA/GR
088 _aP 333
100 _aAPARNA MOHANDAS
_aARTSEN P. GEORGE
_aSHARON L. GEORGE
_93848
245 _aGreen roof feasibility study
260 _aTavanur 2016
_bDepartment of Irrigation & Drainage Engineering
300 _a40
500 _aGreen roof feasibility study
520 _aGreen roof feasibility study
700 _aDr. Asha Joseph (Guide)
_93508
856 _uhttps://drive.google.com/open?id=10aW0nle2Tp0gkTvrCpcIP6OM7NXxyI9j
942 _cPR